| 000 | 01637nam a2200385Ia 4500 | ||
|---|---|---|---|
| 999 |
_c6803 _d6803 |
||
| 001 | 292877 | ||
| 003 | GBCCL | ||
| 005 | 20241126110612.0 | ||
| 006 | m||||fo||d| |||||| | ||
| 007 | cr|g||008|pbda | ||
| 008 | 930201m18421845enk s 000|0 eng d | ||
| 020 | _z052406055X (microfiche) | ||
| 035 | _a(OCoLC)681432077 | ||
| 035 | _a(ATLA)ATLAP000025425 | ||
| 040 | _cGBC | ||
| 041 | 1 |
_aeng _hlat |
|
| 049 | _aLBBR | ||
| 082 |
_a226.07 _bCAT |
||
| 090 | _aBS2555.A2 | ||
| 130 | 0 |
_aCatena aurea. _lEnglish _912190 |
|
| 245 | 1 | 0 |
_aCatena aurea : _bcommentary on the four Gospels / _ccollected out of the works of the Fathers by S. Thomas Aquinas. |
| 260 |
_aOxford : _bJ.H. Parker, _c1842-1845. |
||
| 300 |
_a4 v. ; _c22 cm. |
||
| 500 | _aPreface signed: J.H.N. | ||
| 505 | 0 | _av. 1. St. Matthew -- v. 2. St. Mark -- v. 3. St. Luke -- v. 4. St. John. | |
| 533 |
_aElectronic reproduction. _bIpswich, MA : _cEBSCO, _d2009. _nElectronic reproduction from microform master produced by the American Theological Library Association. |
||
| 590 | _aDigital version created by EBSCO from ATLA microform. | ||
| 630 | 0 | 0 |
_aBible. _pN.T. _pGospels _xCommentaries _xEarly works to 1800. _912191 |
| 700 | 1 |
_aNewman, John Henry, _d1801-1890. _912192 |
|
| 700 | 0 |
_aThomas, _cAquinas, Saint, _d1225?-1274. _98570 |
|
| 730 | 0 | 2 |
_aBible. _pN.T. _pGospels. _lEnglish. _f1842. _912193 |
| 740 | 0 | _aCommentary on the four Gospels. | |
| 856 | 4 | 0 |
_3Full text available _zLBC Link to Full Text; Click for Access _uhttp://lbc.idm.oclc.org:80/login?url=http://search.ebscohost.com/login.aspx?direct=true&db=h7h&bquery=(HJ+5MVL)&type=1&site=ehost-live |
| 942 |
_2ddc _cREF |
||